000 01662nam a22004097a 4500
003 CHAP
005 20220329135545.0
008 971013s1985 r 00010 d
010 _a38458
011 _a39430
035 _a43551
040 _cCHAP
082 _a301.35
_bM5
100 0 0 _aMisra, R. P.
_eed.
_976186
245 _aRural development
_b: capitalist and socialist paths
260 _aNew Delhi :
_bConcept,
_c1985
300 _a5 v
505 _aContenido: v.1 An overview.- v.2 Brazil and Nigeria.- Indonesia and The Philippines.- v.4 India and Bangladesh.- v.5 China and Tanzania
590 _aBATCH-UPD
_b10
_c20130110
_lUCH01
_h0113
590 _aBATCH-UPD
_b10
_c20130110
_lUCH01
_h0955
590 _aCONVERSION
_b10
_c20130109
_lUCH01
_h1321
650 1 4 _aBangladesh
_xCondiciones rurales.
_99957
650 1 4 _aBrasil
_xCondiciones rurales.
_915058
650 1 4 _aChina
_xCondiciones rurales.
_922555
650 1 4 _aDesarrollo rural.
_932067
650 1 4 _aFilipinas
_xCondiciones rurales.
_940871
650 1 4 _aIndia
_xCondiciones rurales.
_957543
650 1 4 _aIndonesia
_xCondiciones rurales.
_957678
650 1 4 _aNigeria
_xCondiciones rurales.
_981326
901 _aBK
942 _cLIBRO
949 _a301.35 M5
_bBC
_cLIBRO
_d33724000294286
_eLIBRO
_fv.2
_h68872
_i43551
_si
_t67.30
949 _a301.35 M5
_bBC
_cLIBRO
_d33724000294294
_eLIBRO
_fv.4
_h68874
_i43551
_si
_t67.30
949 _a301.35 M5
_bBC
_cLIBRO
_d33724000294302
_eLIBRO
_fv.3
_h68873
_i43551
_si
_t67.30
949 _a301.35 M5
_bBC
_cLIBRO
_d33724000294310
_eLIBRO
_fv.1
_h68871
_i43551
_si
_t67.30
949 _a301.35 M5
_bBC
_cLIBRO
_d33724000294328
_eLIBRO
_fv.5
_gI.127585
_h68875
_i43551
_si
_t67.30
999 _c38458
_d38458